[Event "Tourn. n8269"]
[Site "www.chess-mail.com"]
[Date "2015.08.12"]
[Round "1"]
[White "Julian"]
[Black "Bojan"]
[WhiteElo "1920"]
[BlackElo "1890"]
[Result "0-1"]
[Round "1"]
1.e4 e5
2.Ng1f3 d6
3.d4 exd4
4.Nf3xd4 Bc8d7
5.Bf1c4 Nb8c6
6.c3 g6
7.O-O Bf8g7
8.Bc1e3 Qd8h4
9.Rf1e1 Ng8e7
10.Qd1f3 Nc6e5
11.Qf3e2 Ne7c6
12.Bc4b3 Nc6a5
13.Bb3c2 Na5c4
14.Be3c1 c5
15.Nd4f3 Ne5xf3
16.Qe2xf3 O-O
17.b3 Bd7g4
18.Qf3g3 Qh4h5
19.f3 Bg4d7
20.bxc4 Bg7e5
21.f4 Be5f6
22.Re1f1 Qh5e2
23.Bc2d3 Qe2h5
24.e5 Bf6h4
25.Qg3e3 Ra8e8
26.g3 Bh4e7
27.Nb1d2 Bd7h3
28.Rf1f2 dxe5
29.Bd3e2 Qh5h6
30.Nd2f3 exf4
31.Qe3xf4 Qh6xf4
32.Bc1xf4 Be7f6
33.Be2f1 Bh3g4
34.Bf1g2 Bf6xc3
35.Ra1b1 b6
36.Rf2f1 Re8e2
37.Bf4h6 Rf8e8
38.Nf3g5 Bg4f5
39.Rb1d1 f6
40.Ng5f3 Re2xa2
41.Nf3h4 Bf5e6
42.Bg2d5 Be6xd5
43.cxd5 g5
44.Nh4f5 Re8e2
45.Nf5h4 gxh4
46.Rd1d2 Bc3xd2
47.Rf1xf6 Bd2xh6
{ resign }
0-1

[Event "Tourn. n8297"]
[Site "www.chess-mail.com"]
[Date "2015.08.12"]
[Round "1"]
[White "Jasmartin"]
[Black "Mitja"]
[WhiteElo "1720"]
[BlackElo "1660"]
[Result "0-1"]
[Round "1"]
1.d4 d5
2.c4 dxc4
3.Nb1c3 e6
4.Ng1f3 c6
5.g3 a6
6.Bf1g2 h6
7.O-O Ng8f6
8.e4 Bf8b4
9.Bc1d2 Bb4xc3
10.bxc3 Nf6xe4
11.Ra1b1 Ne4xd2
12.Qd1xd2 O-O
13.Nf3e5 Nb8d7
14.Ne5g4 Nd7f6
15.Ng4xh6 gxh6
16.Qd2xh6 Nf6h7
17.Bg2e4 f5
18.Be4f3 Qd8g5
19.Qh6h3 Bc8d7
20.Rb1xb7 Rf8f7
21.Rf1b1 Qg5d2
22.Qh3h5 Ra8f8
23.Rb7b8 Qd2g5
24.Qh5h3 Nh7f6
25.Rb8xf8 Rf7xf8
26.Qh3f1 Nf6d5
27.Qf1xc4 Kf7
28.Rb1b7 Rf8d8
29.Qc4xa6 f4
30.c4 Nd5e7
31.Qa6b6 Qg5g8
32.d5 cxd5
33.cxd5 Ne7xd5
34.Bf3h5 Ke7
35.Qb6c5 Kf6
36.g4 Bd7e8
37.Kf1 Be8xh5
38.Qc5d4 Kg6
39.gxh5 Kxh5
40.Qd4e5 Kg6
41.Rb7b3 Kf7
42.Rb3h3 Rd8c8
43.Qe5h5 Ke7
44.Qh5d1 Rc8c3
45.Rh3f3 Qg8h8
46.Kg1 Rc3xf3
47.Qd1xf3 Qh8a1
48.Kg2 Qa1xa2
49.h4 Qa2b2
50.h5 Qb2g7
51.Kh3 Qg7g5
52.Qf3a3 Kf6
53.Qa3b2 Qg5e5
54.Qb2xe5 Kxe5
55.Kh4 Kf5
56.f3 Nd5f6
57.h6 e5
58.Kh3 Kg5
59.Kg2 Kxh6
60.Kf2 Nf6d5
61.Ke2 Kg5
62.Kd3 Kf5
63.Kc4 Nd5e3
64.Kd3 Ke6
65.Ke4 Kd6
66.Kd3 Kd5
67.Kc3 Ne3g2
68.Kd3 Ng2e1
69.Ke2 Ne1xf3
70.Kxf3 Kd4
71.Ke2 e4
72.Ke1 Kd3
73.Kf2 Kd2
74.Kf1 e3
{ resign }
0-1

[Event "Tourn. n8348"]
[Site "www.chess-mail.com"]
[Date "2015.08.12"]
[Round "1"]
[White "Carazo"]
[Black "Francesco"]
[WhiteElo "1860"]
[BlackElo "2070"]
[Result "1-0"]
[Round "1"]
1.e4 c6
2.Ng1f3 d5
3.c4 dxc4
4.Bf1xc4 Bc8g4
5.Qd1b3 e6
6.Nf3e5 Bg4h5
7.g4 Bh5g6
8.Qb3xb7 { resign }
1-0

[Event "Tourn. n8334"]
[Site "www.chess-mail.com"]
[Date "2015.08.12"]
[Round "1"]
[White "Luban"]
[Black "Delacey"]
[WhiteElo "2090"]
[BlackElo "1900"]
[Result "1-0"]
[Round "1"]
1.d4 Ng8f6
2.c4 e6
3.a3 d5
4.e3 Nb8c6
5.Ng1f3 Nf6e4
6.Bc1d2 Bf8e7
7.Nb1c3 O-O
{ time. }
1-0

[Event "Tourn. n8309"]
[Site "www.chess-mail.com"]
[Date "2015.08.12"]
[Round "1"]
[White "Culiflori"]
[Black "Bjonil60"]
[WhiteElo "1900"]
[BlackElo "1190"]
[Result "1-0"]
[Round "1"]
1.e4 Nb8c6
2.Ng1f3 e5
3.Bf1c4 h6
4.d4 f6
5.dxe5 a6
6.exf6 Ng8xf6
7.Nb1c3 Bf8b4
8.O-O b5
9.Bc4d5 Bc8b7
10.e5 Nf6h7
11.Rf1e1 d6
12.exd6 Kf8
13.dxc7 Qd8xc7
14.Bc1d2 Bb4xc3
15.Bd2xc3 Nc6e7
16.Bd5xb7 Qc7xb7
17.Bc3b4 Ra8e8
18.Qd1d6 Kg8
19.Re1xe7 Nh7f6
20.Re7xb7 Nf6e4
21.Qd6d7 Kh7
22.Qd7xg7 
1-0

[Event "Tourn. n8258"]
[Site "www.chess-mail.com"]
[Date "2015.08.12"]
[Round "1"]
[White "Andreachess"]
[Black "Julian"]
[WhiteElo "1980"]
[BlackElo "1920"]
[Result "0-1"]
[Round "1"]
1.c4 Ng8f6
2.Nb1c3 g6
3.d4 Bf8g7
4.e4 d6
5.Ng1f3 c6
6.Bf1e2 O-O
7.O-O Qd8c7
8.Bc1g5 Nb8d7
9.Qd1c2 e5
10.d5 h6
11.Bg5xf6 Nd7xf6
12.b4 cxd5
13.exd5 Bc8f5
14.Qc2d2 Kh7
15.Qd2e3 Nf6g4
16.Qe3d2 Ra8e8
17.a4 e4
18.Nf3d4 Bf5d7
19.f3 exf3
20.Rf1xf3 Bg7xd4
21.Qd2xd4 Ng4e5
22.Rf3g3 f5
23.Rg3h3 f4
24.Rh3h4 f3
25.gxf3 Rf8xf3
26.Qd4d2 g5
27.Rh4h5 Rf3f4
28.h4 Bd7g4
29.hxg5 Bg4xh5
30.Qd2xf4 Bh5xe2
31.Nc3xe2 Ne5g6
32.Qf4h2 Qc7g7
33.Ra1e1 Ng6e5
34.Qh2f4 Re8f8
35.Qf4h4 Ne5f3
 { time }
0-1

[Event "Tourn. n8324"]
[Site "www.chess-mail.com"]
[Date "2015.08.12"]
[Round "1"]
[White "Julian"]
[Black "Bojan"]
[WhiteElo "1920"]
[BlackElo "1920"]
[Result "0-1"]
[Round "1"]
1.e4 e5
2.Ng1f3 Nb8c6
3.c3 Bf8c5
4.d4 exd4
5.cxd4 Bc5b4
6.Nb1c3 h6
7.a3 Bb4a5
8.b4 Ba5b6
9.Bc1e3 d6
10.Bf1c4 { time. }
0-1

[Event "Tourn. n8317"]
[Site "www.chess-mail.com"]
[Date "2015.08.12"]
[Round "1"]
[White "Caspito"]
[Black "Louis"]
[WhiteElo "1690"]
[BlackElo "1800"]
[Result "0-1"]
[Round "1"]
1.e4 e5
2.Ng1f3 Nb8c6
3.Bf1c4 Bf8c5
4.Nb1c3 Ng8f6
5.O-O d6
6.d3 O-O
7.Bc1g5 h6
8.Bg5h4 Bc8e6
9.b3 Be6xc4
10.bxc4 Nc6d4
11.Ra1b1 Ra8b8
12.Nc3d5 g5
13.Bh4g3 Nf6xd5
14.cxd5 Nd4xf3
15.Qd1xf3 Kg7
16.c4 Qd8d7
17.Qf3h5 f5
18.h3 f4
19.Bg3h2 Qd7f7
20.Qh5xf7 Rf8xf7
21.g4 Kg6
22.Kg2 f3
23.Kg3 h5
24.a4 h4

0-1

[Event "Tourn. n8321"]
[Site "www.chess-mail.com"]
[Date "2015.08.12"]
[Round "1"]
[White "Umzi"]
[Black "Fangshuo"]
[WhiteElo "2190"]
[BlackElo "2090"]
[Result "0-1"]
[Round "1"]
1.e4 e6
2.d4 d5
3.e5 c5
4.c3 Nb8c6
5.f4 cxd4
6.cxd4 Qd8b6
7.Ng1f3 Ng8h6
8.b3 Nh6f5
9.Bc1b2 Bf8b4
10.Nb1c3 Bc8d7
11.a3 Bb4xc3
12.Bb2xc3 Ra8c8
13.Bc3b2 Nf5e3
14.Qd1d3 Ne3xf1
15.Kxf1 Nc6a5
16.Kf2 Na5xb3
17.Ra1b1 Nb3a5
18.Bb2c3 Qb6c7
19.Bc3xa5 Qc7xa5
20.Rb1xb7 Bd7c6
21.Rb7b3 O-O
22.Nf3g5 g6
23.h4 Bc6a4
24.Rb3b2 Rc8c3
25.Qd3b1 Rf8c8
26.Rh1e1 Ba4c2
27.Qb1c1 h6
28.Ng5f3 Bc2e4
29.Qc1d2 Rc3c2
{ resign }
0-1

[Event "Match"]
[Site "www.echecsemail.com"]
[Date "2015.08.12"]
[Round "1"]
[White "Pinehill"]
[Black "Bojan"]
[WhiteElo "1890"]
[BlackElo "1930"]
[Result "1-0"]
[Round "1"]
1.e4 e5
2.d4 exd4
3.c3 dxc3
4.Bf1c4 cxb2
5.Bc1xb2 Qd8e7
6.Nb1c3 c6
7.Ng1e2 d6
8.O-O Bc8e6
9.Bc4xe6 Qe7xe6
10.Ne2g3 g6
11.Nc3d5 cxd5
12.exd5 Qe6d7
13.Bb2xh8 f6
14.Rf1e1 Kd8
15.Ng3e4 Qd7f7
16.Qd1b3 b6
17.Ra1c1 Nb8d7
18.Qb3c3 Nd7c5
19.Bh8xf6 Ng8xf6
20.Qc3xf6 Qf7xf6
21.Ne4xf6 Bf8e7
22.Nf6xh7 Nc5d3
23.Re1xe7 Kxe7
24.Rc1c7 Kd8
25.Rc7g7 Nd3b4
26.Rg7g8 { resign }
1-0

[Event "Match"]
[Site "www.echecsemail.com"]
[Date "2015.08.12"]
[Round "1"]
[White "Jhw"]
[Black "Pare123"]
[WhiteElo "1779"]
[BlackElo "1970"]
[Result "1-0"]
[Round "1"]
1.d4 e6
2.Bc1f4 Bf8b4
3.c3 Bb4a5
4.Ng1f3 Ng8e7
5.e4 d6
6.Nf3g5 Ne7g6
7.Bf4e3 f6
8.Ng5h3 Nb8c6
9.d5 Nc6e5
10.f4 Ne5f7
11.Qd1a4 c6
12.dxc6 O-O
13.b4 Ba5c7
14.cxb7 Bc8xb7
15.Nb1d2 d5
16.Be3c5 Rf8e8
17.Bf1b5 Ng6xf4
18.Nh3xf4 Bc7xf4
19.Bb5xe8 Qd8xe8
20.Qa4xe8 Ra8xe8
21.exd5 Bb7xd5
22.Nd2f3 a6
23.O-O Re8c8
24.g3 Bf4c7
25.a4 Nf7h6
26.Ra1e1 a5
27.Nf3d4 e5
28.Nd4b5 Bd5c4
29.Rf1f3 Bc4xb5
30.axb5 axb4
31.Bc5xb4 Nh6f7
32.Rf3d3 Nf7g5
33.Kg2 e4
34.Rd3d7 Bc7e5
35.Re1e3 f5
36.b6 Be5b8
37.Bb4d6 Ng5f7
38.b7 Rc8e8
39.Bd6xb8 Re8xb8
40.Re3e1 Nf7d8
41.Re1b1 Nd8e6
42.Rb1b6 Ne6d8
43.Rd7c7 Nd8xb7
44.Rc7xb7 Rb8f8
45.Rb7b8 { resign }
1-0

[Event "Match"]
[Site "www.echecsemail.com"]
[Date "2015.08.12"]
[Round "1"]
[White "Wagner"]
[Black "Culiflori"]
[WhiteElo "1670"]
[BlackElo "1900"]
[Result "0-1"]
[Round "1"]
1.e4 e5
2.c4 Ng8f6
3.d3 Bf8b4
4.Bc1d2 Bb4xd2
5.Qd1xd2 c6
6.Bf1e2 d5
7.Qd2g5 O-O
8.exd5 cxd5
9.c5 Qd8a5
10.Nb1c3 Nb8c6
11.Ng1f3 d4
12.O-O dxc3
13.bxc3 Qa5xc3
14.h3 Qc3xc5
15.d4 Nc6xd4
16.Rf1e1 Nd4xe2
17.Re1xe2 Qc5c3
18.Ra1d1 e4
19.Nf3e5 h6
20.Qg5f4 Rf8e8
21.Re2e3 Qc3xe5
22.Qf4h4 Bc8f5
23.Re3g3 Bf5g6
24.f4 Qe5h5
25.Qh4xh5 Bg6xh5
26.Rd1d6 Ra8d8
27.Rd6xf6 e3
28.Rf6f5 Bh5g6
29.Rf5e5 Rd8d1
30.Kh2 Re8xe5
31.fxe5 e2
32.Rg3e3 e1Q
33.Re3xe1 Rd1xe1
{ resign }
0-1

[Event "Match"]
[Site "www.echecsemail.com"]
[Date "2015.08.12"]
[Round "1"]
[White "Pinehill"]
[Black "Drdoom"]
[WhiteElo "1870"]
[BlackElo "1770"]
[Result "1-0"]
[Round "1"]
1.e4 e5
2.d4 exd4
3.c3 dxc3
4.Bf1c4 Nb8c6
5.Ng1f3 d6
6.O-O cxb2
7.Bc1xb2 Ng8f6
8.Nf3g5 Qd8d7
9.Ng5xf7 Rh8g8
10.Nb1c3 Nc6a5
11.Nf7xd6 cxd6
12.Bc4xg8 b5
13.Bb2a3 Na5c4
14.Bg8xc4 a6
15.Bc4d5 Ra8b8
16.Ba3b4 Bc8b7
17.Rf1e1 Bf8e7
18.Bd5xb7 Rb8xb7
19.Nc3d5 Nf6xd5
20.exd5 { resign }
1-0

[Event "1/16 Finale"]
[Site "www.chess-mail.com"]
[Date "2015.08.12"]
[Round "1"]
[White "Osopanda"]
[Black "Fjpv"]
[WhiteElo "1970"]
[BlackElo "2640"]
[Result "0-1"]
[Round "1"]
1.c4 e5
2.Nb1c3 Ng8f6
3.g3 Bf8c5
4.Bf1g2 O-O
5.d3 Nb8c6
6.e3 d6
7.Ng1e2 a5
8.O-O Bc5b6
9.Ra1b1 { time. }
0-1

[Event "1/128 Finale"]
[Site "www.chess-mail.com"]
[Date "2015.08.12"]
[Round "1"]
[White "Hennie4820"]
[Black "Gatrooper"]
[WhiteElo "1960"]
[BlackElo "1460"]
[Result "1-0"]
[Round "1"]
1.e4 e5
2.Ng1f3 Nb8c6
3.Bf1c4 d6
4.d4 Bc8e6
5.Bc4xe6 fxe6
6.dxe5 Nc6xe5
7.Nf3xe5 dxe5
8.Qd1h5 g6
9.Qh5xe5 Ng8f6
10.Qe5xe6 Bf8e7
11.Bc1g5 Qd8d7
12.Qe6xd7 Nf6xd7
13.Bg5xe7 Kxe7
14.Nb1c3 c6
15.Ke2 Nd7c5
16.f3 Rh8d8
17.Rh1d1 Rd8xd1
18.Ra1xd1 h5
19.g3 g5
20.Ke3 Ke6
21.f4 gxf4
22.gxf4 Ra8e8
23.f5 Ke5
24.Rd1g1 h4
25.Rg1g7 Re8h8
26.a3 a5
27.h3 b5
28.Rg7g6 Nc5d7
29.Rg6e6 
1-0

[Event "Eq:Los Tercios-BEAC Hungary : "]
[Site "www.chess-mail.com"]
[Date "2015.08.12"]
[Round "1"]
[White "Fkarpov"]
[Black "Vasylpuzanov"]
[WhiteElo "2060"]
[BlackElo "2210"]
[Result "0-1"]
[Round "1"]
1.d4 d5
2.e3 Ng8f6
3.Bf1d3 Bc8g4
4.f3 Bg4h5
5.Nb1c3 e6
6.a3 c5
7.Bd3b5 Nb8d7
8.Ng1h3 a6
9.Bb5xd7 Nf6xd7
10.e4 cxd4
11.Qd1xd4 Bf8c5
12.Qd4xg7 Rh8f8
13.Qg7xh7 Bh5g6
14.Qh7h6 Qd8b6
15.Qh6d2 dxe4
16.Nc3a4 Qb6c6
17.Na4xc5 Qc6xc5
18.b4 Qc5b6
19.Qd2e3 exf3
20.Qe3xb6 Nd7xb6
21.gxf3 Ra8c8
22.O-O Rf8g8
23.Kh1 Rc8xc2
24.Rf1f2 Rc2xf2
25.Nh3xf2 Bg6h5
26.Nf2g4 Bh5xg4
27.fxg4 Rg8xg4
28.Bc1e3 Nb6c4
29.Be3c5 f5
30.Ra1e1 e5
31.a4 Kf7
32.b5 axb5
33.axb5 Ke6
34.Re1a1 e4
35.Ra1e1 f4
36.Re1xe4 Kd5
37.h3 Rg4g3
38.Kh2 Kxe4
{ resign }
0-1

[Event "Eq:Slap Shot Mates-BEAC Hungary : "]
[Site "www.chess-mail.com"]
[Date "2015.08.12"]
[Round "1"]
[White "Hali"]
[Black "Hwj"]
[WhiteElo "2140"]
[BlackElo "2780"]
[Result "0-1"]
[Round "1"]
1.e4 c5
2.Ng1f3 d6
3.d4 cxd4
4.Nf3xd4 Ng8f6
5.Nb1c3 a6
6.Bc1g5 Nb8d7
7.f4 Qd8c7
8.Qd1f3 e6
9.O-O-O b5
10.g4 b4
11.Nc3a4 Bc8b7
12.Bf1d3 Nd7c5
13.Bg5xf6 gxf6
14.Na4xc5 dxc5
15.Nd4xe6 fxe6
16.Bd3c4 Bf8d6
17.Bc4xe6 Bd6xf4
18.Kb1 Qc7e5
19.Be6f5 Bb7c6
20.h4 Ke7
21.g5 Qe5xf5
{ resign }
0-1

[Event "Eq:La Taverne-Slap Shot Mates : "]
[Site "www.chess-mail.com"]
[Date "2015.08.12"]
[Round "1"]
[White "Guidom"]
[Black "Hwj"]
[WhiteElo "2250"]
[BlackElo "2780"]
[Result "0-1"]
[Round "1"]
1.e4 c5
2.Ng1f3 d6
3.c4 Bc8g4
4.d3 Bg4xf3
5.Qd1xf3 Nb8c6
6.Nb1c3 g6
7.Bc1d2 Bf8g7
8.a3 a6
9.Qf3d1 Ra8b8
10.Qd1c1 Nc6d4
11.Qc1d1 e6
12.Bd2e3 Ng8e7
13.Be3xd4 Bg7xd4
14.Bf1e2 b5
15.cxb5 axb5
16.O-O b4
17.axb4 Rb8xb4
18.Qd1c2 O-O
19.Rf1b1 Qd8b6
20.Be2f3 Rf8b8
21.Ra1a2 Rb4b3
22.Nc3e2 Bd4xb2
23.h3 Bb2f6
24.Rb1xb3 Qb6xb3
25.Qc2d2 Ne7c6
26.Ra2a6 Nc6b4
27.Ra6xd6 Qb3b1
28.Qd2c1 Nb4a2
29.Qc1xb1 Rb8xb1
{ resign }
0-1

[Event "Tourn. n8311"]
[Site "www.chess-mail.com"]
[Date "2015.08.13"]
[Round "1"]
[White "Maredocla"]
[Black "Guidom"]
[WhiteElo "2060"]
[BlackElo "2070"]
[Result "0-1"]
[Round "1"]
1.g3 d5
2.Bf1g2 e5
3.Ng1f3 Nb8c6
4.d3 Ng8f6
5.Bc1g5 Bf8e7
6.O-O O-O
7.Nb1d2 Bc8g4
8.h3 Bg4h5
9.g4 Bh5g6
10.b3 h6
11.Bg5h4 Qd8d7
12.e3 Ra8d8
13.Bh4g3 Be7d6
 { time }
0-1

[Event "Tourn. n8311"]
[Site "www.chess-mail.com"]
[Date "2015.08.13"]
[Round "1"]
[White "Scasan55"]
[Black "Xkafi"]
[WhiteElo "1930"]
[BlackElo "1960"]
[Result "0-1"]
[Round "1"]
1.e4 c5
2.c3 e5
3.Ng1f3 Qd8f6
4.d3 h6
5.Nb1d2 b5
6.Bf1e2 g5
7.Nd2b3 g4
8.Nf3g1 h5
9.Bc1e3 Nb8a6
10.Qd1d2 d6
11.Be3g5 Qf6g6
12.f3 gxf3
13.Be2xf3 Bc8g4
14.Bf3xg4 hxg4
15.O-O-O Ng8f6
16.Kb1 g3
17.h3 Nf6g4
18.Bg5e3 Bf8h6
19.Be3xh6 Rh8xh6
20.Ng1f3 Ng4f2
21.Rh1f1 Nf2xd1
22.Qd2xd1 c4
23.Nb3c1 Na6c5
24.dxc4 Qg6xe4
25.Ka1 Qe4xc4
26.Rf1e1 f5
27.Qd1d2 f4
28.b3 Qc4e6
29.Nc1d3 Ra8c8
30.Nd3xf4 Qe6xb3
31.Re1b1 Qb3c4
32.Nf4e2 Rh6g6
33.Qd2c2 Rg6g7
34.h4 a5
35.Qc2f5 Rc8c7
36.Qf5h5 Kd8
37.Qh5h8 Rg7g8
38.Qh8f6 Kd7
39.Nf3g5 Nc5a4
40.Qf6f7 Qc4xf7
41.Ng5xf7 Kc6
42.Nf7g5 Kb6
43.Rb1c1 Rg8h8
44.Ng5e4 Rh8xh4
45.Ne4xd6 Rh4g4
46.a3 Na4c5
47.Nd6f5 Nc5b3
48.Kb1 Nb3xc1
49.Kxc1 b4
50.Kc2 bxc3
51.Nf5e3 Rg4g7
52.Ne3d5 Kc6
53.Nd5xc7 Kxc7
54.Kxc3 Rg7g4
55.Kd3 Kc6
56.Ke3 e4
57.Ne2c3 Kc5
58.Nc3xe4 Kc4
59.Kf3 Rg4g7
60.Ne4xg3 Kb3
61.Ng3f5 Rg7f7
62.g4 Kxa3
63.Ke3 Kb2
64.Nf5d4 a4
{ resign }
0-1

[Event "Tourn. n8269"]
[Site "www.chess-mail.com"]
[Date "2015.08.13"]
[Round "1"]
[White "Roserl"]
[Black "Mrbabu"]
[WhiteElo "1900"]
[BlackElo "2050"]
[Result "1-0"]
[Round "1"]
1.e4 c5
2.Ng1f3 Nb8c6
3.d4 e6
4.d5 exd5
5.exd5 Nc6d4
6.Nf3xd4 cxd4
7.Qd1xd4 d6
8.Bf1b5 Bc8d7
9.Bb5xd7 Qd8xd7
10.O-O Ng8f6
11.Rf1e1 Bf8e7
12.Bc1g5 O-O
13.Nb1c3 a6
14.Nc3a4 Ra8b8
15.Na4b6 Qd7d8
16.Re1e2 Rf8e8
17.Ra1e1 Kf8
18.c3 Qd8c7
19.Nb6c4 b5
20.Nc4d2 Nf6g8
21.Nd2f3 h6
22.Bg5h4 Be7f6
23.Re2xe8 Rb8xe8
24.Re1xe8 Kxe8
25.Qd4e4 Qc7e7
26.Qe4xe7 Ng8xe7
27.Bh4xf6 gxf6
28.Nf3d4 Ne7xd5
29.Nd4f5 b4
30.c4 Nd5f4
31.Nf5xh6 Nf4d3
32.b3 Nd3c1
33.Nh6f5 Kd7
34.h4 Ke8
35.Nf5xd6 Kd7
36.Nd6e4 Nc1xa2
37.h5 Na2c3
38.Ne4xf6 Ke6
39.Nf6d5 Nc3xd5
40.cxd5 Kxd5
41.h6 Kd4
42.h7 Kc3
43.h8Q Kxb3
44.Qh8g7 Ka2
45.Qg7xf7 b3
46.Qf7c4 a5
47.g4 a4
48.Qc4xa4 { resign }
1-0

[Event "Tourn. n8260"]
[Site "www.chess-mail.com"]
[Date "2015.08.13"]
[Round "1"]
[White "Generalfree"]
[Black "Jjmcbride"]
[WhiteElo "1780"]
[BlackElo "1890"]
[Result "0-1"]
[Round "1"]
1.d4 d5
2.b3 Nb8c6
3.Bc1b2 g6
4.f3 Bf8g7
5.e3 e5
6.Bf1b5 Ng8e7
7.dxe5 a6
8.Bb5xc6 Ne7xc6
9.f4 f6
10.exf6 Bg7xf6
11.Bb2xf6 Qd8xf6
12.c3 Bc8e6
13.Ng1f3 O-O-O
14.O-O h6
15.a3 g5
16.b4 g4
17.Nf3d4 Nc6xd4
18.cxd4 Be6d7
19.Nb1c3 Rd8e8
20.Rf1e1 c6
21.e4 Qf6xf4
22.exd5 Re8xe1
23.Qd1xe1 Qf4xd4
24.Kh1 cxd5
25.Ra1c1 Kb8
26.Qe1g3 Ka7
27.Rc1d1 Rh8f8
28.h3 Qd4f4
29.Qg3xf4 Rf8xf4
30.Nc3xd5 Rf4f2
31.Nd5f6 Bd7c6
32.Nf6xg4 Rf2xg2
{ resign }
0-1

[Event "Tourn. n8350"]
[Site "www.chess-mail.com"]
[Date "2015.08.13"]
[Round "1"]
[White "Panamski"]
[Black "Culiflori"]
[WhiteElo "2080"]
[BlackElo "1900"]
[Result "1-0"]
[Round "1"]
1.e4 e5
2.Bf1c4 Ng8f6
3.Nb1c3 Nb8c6
4.d3 Bf8e7
5.Ng1e2 d6
6.h3 O-O
7.a3 Bc8e6
8.Bc4xe6 fxe6
9.O-O d5
10.Ne2g3 Qd8d7
11.Bc1g5 Ra8d8
12.Bg5xf6 Be7xf6
13.Qd1g4 Qd7f7
14.Kh1 Nc6d4
15.Ra1c1 Bf6e7
16.Nc3e2 Nd4xe2
17.Ng3xe2 Be7c5
18.f4 exf4
19.Rf1xf4 Qf7e7
20.d4 Rf8xf4
21.Ne2xf4 Bc5b6
22.Qg4xe6 Qe7xe6
23.Nf4xe6 Rd8d7
24.exd5 h6
25.c4 c6
26.c5 { resign }
1-0

[Event "Tourn. n8219"]
[Site "www.chess-mail.com"]
[Date "2015.08.13"]
[Round "1"]
[White "Ciappo"]
[Black "Obisporey"]
[WhiteElo "2510"]
[BlackElo "2580"]
[Result "1/2-1/2"]
[Round "1"]
1.d4 d5
2.c4 e6
3.Nb1c3 Bf8b4
4.Ng1f3 dxc4
5.Bc1g5 Ng8e7
6.e4 b5
7.a4 c6
8.Bf1e2 a5
9.O-O Bc8a6
10.d5 cxd5
11.exd5 Bb4xc3
12.bxc3 Qd8xd5
13.Qd1c1 Nb8c6
14.Rf1d1 Qd5f5
15.axb5 Ba6xb5
16.Qc1a3 f6
17.Bg5e3 O-O
18.Be3c5 Rf8e8
19.Ra1b1 Ra8b8
20.Bc5d6 Rb8d8
21.Nf3h4 Qf5e4
22.Be2f3 Qe4xh4
23.Rb1xb5 Nc6e5
24.Rd1d4 Qh4h6
25.Bd6xe5 fxe5
26.Rb5xe5 Rd8xd4
27.cxd4 Qh6d2
28.Re5xe6 c3
29.Qa3b3 Kf8
30.Bf3d1 Qd2xd4
31.Re6e3 Ne7d5
32.Re3xe8 Kxe8
33.Qb3b8 Kf7
34.Qb8b7 Kg6
35.Bd1c2 Kh6
36.Qb7d7 Qd4e5
37.g3 Nd5f6
38.Qd7h3 Nf6h5
39.g4 g6
40.gxh5 Qe5g5
41.Kf1 Qg5c1
42.Kg2 Qc1xc2
43.hxg6 Kxg6
44.Qh3e6 Kg5
45.Qe6e7 Kh5
{ draw }
1/2-1/2

[Event "Tourn. n8205"]
[Site "www.chess-mail.com"]
[Date "2015.08.13"]
[Round "1"]
[White "Seger"]
[Black "Squimichele"]
[WhiteElo "2670"]
[BlackElo "2460"]
[Result "1-0"]
[Round "1"]
1.d4 Ng8f6
2.g3 g6
3.c4 c6
4.Ng1f3 Bf8g7
5.Bf1g2 d5
6.Nb1d2 O-O
7.O-O a5
8.b3 a4
9.Rf1e1 Bc8f5
10.Bc1a3 Rf8e8
11.Nf3h4 Bf5e6
12.e3 Nb8d7
13.Qd1c2 Qd8a5
14.b4 Qa5b6
15.c5 Qb6c7
16.Ra1b1 Ra8a7
17.b5 cxb5
18.Rb1xb5 Nd7b8
19.Bg2f1 Nb8c6
20.f4 Ra7a5
21.Rb5b2 Ra5a8
22.Nd2f3 Re8d8
23.Bf1d3 Ra8a7
24.Nf3g5 Be6g4
25.h3 Bg4d7
26.g4 h6
27.Ng5f3 Bd7e8
28.Rb2b6 Nf6d7
29.Rb6b1 Bg7f6
30.Qc2g2 Qc7a5
31.Re1d1 Bf6g7
32.g5 e6
33.gxh6 Bg7xh6
34.f5 Nd7f8
35.Kh1 Rd8d7
36.Qg2g4 Qa5d8
37.Rd1f1 exf5
38.Nh4xf5 Bh6g7
39.Nf5xg7 Kxg7
40.Nf3h4 Kh8
41.Nh4f5 gxf5
42.Rf1xf5 Nf8g6
43.Rb1g1 Kg7
44.h4 Rd7e7
45.Rf5g5 { resign }
1-0

[Event "Tourn. n8229"]
[Site "www.chess-mail.com"]
[Date "2015.08.13"]
[Round "1"]
[White "Orhany24"]
[Black "Hundegana"]
[WhiteElo "1930"]
[BlackElo "1930"]
[Result "1-0"]
[Round "1"]
1.e4 d6
2.d4 e6
3.c4 Ng8e7
4.Nb1c3 a6
5.f4 Ne7g6
6.Ng1f3 Bf8e7
7.Bf1d3 O-O
8.O-O Rf8e8
9.Bc1e3 c6
10.Qd1c2 e5
11.fxe5 dxe5
12.d5 cxd5
13.cxd5 Nb8d7
14.a3 Be7c5
15.Qc2f2 Bc5xe3
16.Qf2xe3 Qd8b6
17.Qe3xb6 Nd7xb6
18.h3 Bc8d7
19.Ra1c1 Ra8c8
20.Kh2 f6
21.g3 h6
22.Rf1g1 Kh7
23.Nc3e2 Ng6f8
24.b3 Rc8xc1
25.Rg1xc1 Re8c8
26.Rc1xc8 Nb6xc8
27.Ne2c3 Nc8d6
28.h4 Bd7g4
29.Nf3d2 Nf8d7
30.b4 Nd7b6
31.Kg2 h5
32.Kf2 Kh6
33.Ke3 g6
34.Bd3e2 Bg4d7
35.Kf3 g5
36.hxg5 Kxg5
37.Ke3 Bd7g4
38.Be2f1 f5
39.a4 h4
40.gxh4 Kxh4
41.a5 Nb6d7
42.b5 axb5
43.Bf1xb5 Nd6xb5
44.Nc3xb5 f4
45.Kf2 Nd7c5
46.Nb5d6 Kg5
47.Nd6xb7 Nc5a6
48.Nd2c4 Kf6
49.Nc4b6 Ke7
50.d6 Ke8
51.Nb6d5 Bg4c8
52.Nd5f6 Kf7
53.d7 Bc8xb7
54.d8Q Kg6
55.Nf6d5 Na6c5
56.Qd8d6 Kg5
57.Qd6xc5 Bb7xd5
58.Qc5xd5 Kf6
59.a6 { resign }
1-0

[Event "Tourn. n8345"]
[Site "www.chess-mail.com"]
[Date "2015.08.13"]
[Round "1"]
[White "Mrbabu"]
[Black "Xkafi"]
[WhiteElo "2100"]
[BlackElo "2060"]
[Result "1/2-1/2"]
[Round "1"]
1.e4 e5
2.Ng1f3 Nb8c6
3.Bf1c4 Bf8c5
4.Nb1c3 a6
5.d3 h6
6.h3 Ng8f6
7.O-O d6
8.Bc1e3 O-O
9.Qd1d2 Nc6e7
10.Nc3d5 Ne7xd5
11.Bc4xd5 Nf6xd5
12.exd5 Qd8f6
13.Be3xc5 dxc5
14.Rf1e1 Rf8e8
15.Qd2e3 e4
16.dxe4 b6
17.Ra1b1 Qf6g6
18.Kh1 f5
19.e5 Bc8b7
20.c4 Ra8d8
21.Rb1d1 Qg6h5
22.e6 Re8e7
23.b3 g5
24.Kg1 Kf8
25.Qe3e5 Kg8
26.Qe5xf5 Rd8f8
27.Qf5d3 g4
28.hxg4 { draw }
1/2-1/2

[Event "Tourn. n8348"]
[Site "www.chess-mail.com"]
[Date "2015.08.13"]
[Round "1"]
[White "Francesco"]
[Black "Bojan"]
[WhiteElo "2070"]
[BlackElo "1930"]
[Result "0-1"]
[Round "1"]
1.d4 d5
2.c4 dxc4
3.e4 c5
4.d5 b5
5.Nb1c3 a6
6.Bc1e3 e6
7.dxe6 Qd8xd1
8.Ra1xd1 Bc8xe6
9.Ng1f3 h6
10.Nc3d5 Ra8a7
11.Bf1e2 Nb8d7
12.e5 Ng8e7
13.Nd5f4 Be6g4
14.O-O Ne7f5
15.e6 fxe6
16.Nf4xe6 Nf5xe3
17.fxe3 Bg4xe6
{ resign }
0-1

[Event "Tourn. n8323"]
[Site "www.chess-mail.com"]
[Date "2015.08.13"]
[Round "1"]
[White "Mitja"]
[Black "Neo"]
[WhiteElo "1820"]
[BlackElo "1780"]
[Result "1-0"]
[Round "1"]
1.d4 d5
2.e3 e6
3.a3 b6
4.Ng1h3 Bf8d6
5.b4 Bc8b7
6.c3 h6
7.Bf1e2 Ng8f6
8.Nb1d2 O-O
9.Bc1b2 Nf6e4
10.Nd2xe4 dxe4
11.Qd1d2 Nb8d7
12.Be2c4 Nd7f6
13.Bc4b3 Bb7d5
14.Bb3xd5 Nf6xd5
15.O-O Qd8f6
16.Ra1b1 a5
17.bxa5 Ra8xa5
18.c4 Nd5e7
19.c5 Bd6xc5
20.dxc5 Qf6f5
21.cxb6 cxb6
22.Qd2d4 e5
23.Qd4xb6 Ra5d5
24.Rf1d1 Rd5xd1
25.Rb1xd1 Ne7c8
26.Qb6c7 Rf8e8
27.Kf1 Qf5e6
28.Rd1d8 Qe6a6
29.Ke1 Re8xd8
30.Qc7xd8 Kh7
31.Qd8c7 f6
32.Qc7c5 Nc8d6
33.Nh3g1 Qa6d3
34.Qc5c1 Nd6c4
35.Ng1e2 Nc4a5
36.Qc1c3 Qd3b1
37.Qc3c1 Qb1a2
38.Ne2c3 Qa2c4
39.Qc1b1 f5
40.f3 Na5b3
41.fxe4 f4
42.exf4 Qc4d4
43.Nc3e2 Qd4d2
44.Kf1 exf4
45.e5 Kh8
46.Bb2c1 Qd2d5
47.Bc1xf4 Qd5c4
48.Qb1b2 Nb3d4
49.Qb2xd4 { resign }
1-0

[Event "Tourn. n8321"]
[Site "www.chess-mail.com"]
[Date "2015.08.13"]
[Round "1"]
[White "Xkafi"]
[Black "Liencam2"]
[WhiteElo "2010"]
[BlackElo "2290"]
[Result "1-0"]
[Round "1"]
1.e4 c5
2.Bf1c4 e6
3.Ng1f3 a6
4.a3 Nb8c6
5.c3 Ng8e7
6.d3 d5
7.Bc4a2 Qd8c7
8.exd5 Ne7xd5
9.O-O Nd5f6
10.h3 b5
11.Nb1d2 Bf8e7
12.Nd2e4 Bc8b7
13.Ne4xf6 Be7xf6
14.Rf1e1 O-O
15.Bc1e3 Nc6e5
16.Nf3xe5 Bf6xe5
17.Qd1g4 Ra8d8
18.Ra1d1 Qc7c6
19.Be3g5 h5
20.Qg4e4 Qc6xe4
21.dxe4 Rd8xd1
22.Re1xd1 Bb7xe4
23.Rd1e1 f5
24.Ba2xe6 Kh7
25.f3 Be5g3
26.Re1e3 Be4xf3
27.gxf3 f4
28.Re3e5 Rf8d8
29.Bg5xd8 g6
30.Re5xc5 { resign }
1-0

[Event "Tourn. n8326"]
[Site "www.chess-mail.com"]
[Date "2015.08.13"]
[Round "1"]
[White "Neo"]
[Black "Amaya"]
[WhiteElo "1780"]
[BlackElo "1880"]
[Result "1-0"]
[Round "1"]
1.d4 d5
2.e3 Ng8f6
3.g3 e6
4.Bf1g2 c5
5.c3 Nb8c6
6.Ng1f3 cxd4
7.cxd4 Bf8b4
8.Bc1d2 Qd8a5
9.a3 O-O
10.Bd2xb4 Nc6xb4
11.O-O Bc8d7
12.Nb1d2 Nb4c6
13.b4 Qa5d8
14.Nd2b3 b6
15.b5 Nc6e7
16.a4 Nf6e4
17.Nf3e5 Ne4c3
18.Qd1d2 Nc3e4
19.Bg2xe4 dxe4
20.Qd2c2 f5
21.Nb3d2 Ra8c8
22.Nd2c4 Ne7d5
23.Qc2b3 Rf8f6
24.Nc4d6 Rc8c3
25.Qb3b2 Bd7e8
26.Ne5c4 Be8h5
27.a5 Bh5f3
28.h4 Rf6h6
29.axb6 axb6
30.Nc4xb6 Rh6xh4
31.gxh4 Qd8xh4
32.Ra1a8 Rc3c8
33.Ra8xc8 { resign }
1-0

[Event "Match"]
[Site "www.echecsemail.com"]
[Date "2015.08.13"]
[Round "1"]
[White "Jhw"]
[Black "Maredocla"]
[WhiteElo "1779"]
[BlackElo "2030"]
[Result "1-0"]
[Round "1"]
1.d4 d5
2.c4 c6
3.b3 Bc8f5
4.Nb1c3 Nb8a6
5.f3 g6
6.e4 Bf5e6
7.cxd5 cxd5
8.Bf1b5  { time }
1-0